| 000 | 01558nam a2200421 i 4500 | ||
|---|---|---|---|
| 001 | 13272 | ||
| 003 | KOSZ 005 | ||
| 005 | 20201013132542.0 | ||
| 008 | 190622s1970 pl a f f 000 0 pol | ||
| 015 | _aPB 1971/2060 | ||
| 035 | _a(OCoLC)830916520 | ||
| 040 |
_aWA N _cWA N _dKOSZ 005/KK _dKOSZ 005/HR _dKOSZ 005/RW |
||
| 046 | _k1970 | ||
| 080 | _a004.387 | ||
| 080 | _a658.5 | ||
| 100 | 1 |
_aObirek, Bronisław. _eAutor |
|
| 245 | 1 | 0 |
_aMaszyny analityczne : _borganizacja zmechanizowanego obrachunku / _cBronisław Obirek. |
| 250 | _aWydanie 2 całkowicie przerobione. | ||
| 260 |
_aWarszawa : _bWydawnictwa Naukowo-Techniczne, _c1970. |
||
| 300 |
_a154, [2] strony., [4] karty. tablice. : _bilustracje., errata. ; _c23 cm. |
||
| 336 |
_aTekst _btxt _2rdacontent |
||
| 337 |
_aBez urządzenia pośredniczącego _bn _2rdamedia |
||
| 338 |
_aWolumin _bnc _2rdacarier |
||
| 380 | _aKsiążki. | ||
| 388 | _a1901-2000 | ||
| 490 | 1 | _aBiblioteka Organizatora Produkcji. | |
| 504 | _aBibliografia na stronach 154-[155]. | ||
| 658 | _aInformatyka i technologie informacyjne | ||
| 650 | 4 | _aPrzedsiębiorstwo | |
| 650 | 4 | _aPrzetwarzanie danych | |
| 650 | 4 | _aKomputery analogowe | |
| 650 | 4 | _aMaszyny obrachunkowe | |
| 650 | 4 | _aMaszyny licząco-analityczne | |
| 710 | 2 |
_aWydawnictwa Naukowo-Techniczne _4pbl. |
|
| 856 |
_uhttp://koha.tu.koszalin.pl/cgi-bin/koha/opac-detail.pl?biblionumber=13272 _yKatalog online BPK |
||
| 830 | 0 | _aBiblioteka Organizatora Produkcji | |
| 942 |
_2UKD _cKS |
||
| 999 |
_c13272 _d13272 |
||